000
00305nam a22001217a 4500
041
_a
ENG
100
_a
Subramanian N
245
_a
Introduction To Computers Fundamentals Of Computer Science Vol 1
260
_a
Delhi
_b
Tata mcGraw-Hill
_c
2002
300
_a
229
650
_a
M.Tech
856
_u
M.Tech -(7)
999
_c
1006
_d
1006